header

The origin of discrete particles (Record no. 238120)

MARC details
000 -LEADER
fixed length control field 01930nam a2200385 a 4500
082 04 - DEWEY DECIMAL CLASSIFICATION NUMBER
Classification number 530.15
100 1# - MAIN ENTRY--AUTHOR NAME
Personal name Bastin, Ted.
245 14 - TITLE STATEMENT
Title The origin of discrete particles
260 ## - PUBLICATION, DISTRIBUTION, ETC. (IMPRINT)
Place of publication Singapore ;
-- Hackensack, NJ :
Name of publisher World Scientific,
Year of publication c2009.
300 ## - PHYSICAL DESCRIPTION
Number of Pages x, 180 p.
490 1# - SERIES STATEMENT
Series statement Series on knots and everything ;
505 0# - FORMATTED CONTENTS NOTE
Formatted contents note Introduction -- Combinatorial space -- The story of the particle concept -- Dimensionality -- The simple bit-string picture -- The fine-structure constant calculated -- Process and iteration -- Pre-space : high-energy particles : non-locality -- Space, relativity and classical space -- Perception -- Current quantum physics, state/observer philosophy : complementarity -- Just six numbers -- Quantum or gravity?
650 #0 - SUBJECT ADDED ENTRY--TOPICAL TERM
Topical Term Particles (Nuclear physics)
Topical Term Quantum theory
Topical Term Mathematical physics
Topical Term Science
700 1# - ADDED ENTRY--PERSONAL NAME
Personal name Kilmister, C. W.
856 40 - ELECTRONIC LOCATION AND ACCESS
Uniform Resource Identifier http://site.ebrary.com/lib/rucke/Doc?id=10422506

No items available.

© 2026 Rongo University
Contact us: librarian | system librarian | Rongo university